000 00707nam a22002297a 4500
005 20170124110034.0
010 _aA-408938
020 _c22.50
035 _aA-408938
037 _bCen Lib/Ret
040 _aDPL
_bEN
082 _a372.35
_bSHA
100 _aSharma, R. C
_922382
245 _aModern Science Teaching /
_cby R. C. Sharma
260 _aDelhi
_bDhanpat Rai and Sons
270 _a1682, Nai Sarak
_bDelhi
_e110006
300 _aix,400p. :
_c20cm(Hb)
_bill.
500 _aIncludes reference and index
650 _aScience--Study and teaching (Elementary)
_98927
650 _aPhysical sciences--Study and teaching (Elementary)
_922383
942 _2ddc
_cEN
_h372.35
_mSHA
999 _c128093
_d128093